| 000 | 00603nam a2200181 a 4500 | ||
|---|---|---|---|
| 001 | BRCA_890 | ||
| 005 | 20190320203208.0 | ||
| 008 | 311005s1991----mx-a---###---#000-0#spa-d | ||
| 020 | _a9688590568 | ||
| 050 | 4 |
_aHD9506.M4 _b.M56 1991 |
|
| 245 | 1 | 0 |
_aMinería _bcinco siglo en México. |
| 260 |
_aMéxico _bPalacio de Minería _c1991 |
||
| 300 |
_a66 p. _bil. a color _c28 cm. |
||
| 500 | _aCatálogo de la exposición realizada en el Palacio de Minería (Ciudad de México), abril-mayo, 1991 | ||
| 650 | 1 | 4 |
_aMinería _vExposiciones _xArte _92962 |
| 710 | 2 |
_aUniversidad Iberoamericana _92963 |
|
| 942 |
_2lcc _cB |
||
| 999 |
_c784 _d784 |
||